Švéd

Bibliographic Details
Main Author: Cardenal, Ernesto, 1925-2020 (Author)
Other Authors: Brat, Roman, 1957- (Translator), Schytte, Jorgen (Illustrator)
Format: Article
Language:Slovak
Subjects:

MARC

LEADER 00000nab a2200000 a 4500
001 vtls000293618
003 SK-MaSNL
005 20260304234413.0
008 140423c1987 xo 0 slo
015 |a SNBRB19rr/mm-uuuuu 
035 |a CL0303737 
040 |a SNKBUCL  |b slo  |c SNKBUCL  |e AACR2 
041 0 |a slo 
044 |a xo  |c SK 
080 |a 860 (728.5)-3  |2 1981 
100 1 |a Cardenal, Ernesto,  |d 1925-2020  |4 aut  |9 215367 
245 1 0 |a Švéd  |c Ernesto Cardenal ; Roman Brat, Jorgen Schytte 
500 |a Pod spoločným názvom Nikaragujské poviedky. Informácia o autorovi. Blok poviedok je ilustrovaný fotografiami Jorgena Schytteho. 
650 0 7 |a poviedky satirické  |2 snkbucl  |9 893880 
655 7 |a články z novín a časopisov  |2 snkbucl  |9 267496 
655 7 |a články z odboru literárna veda a krásna literatúra  |2 snkbucl  |9 770045 
700 1 |a Brat, Roman,  |d 1957-  |4 trl  |9 110158 
700 1 |a Schytte, Jorgen  |4 ill  |9 1570949 
773 0 |t Revue svetovej literatúry  |g Roč. 23, č. 6 (1987), s. 49-52 
850 |a Slovenská národná knižnica v Martine  |a MTA001 
852 |a SNK  |b KIS3GCP 
958 |a RK 
958 |a LX 
999 |c 3203726  |d 3205656